000 00757nam a2200193Ii 4500
003 JO-AjNU
008 230605s9999||||xx |||||||||||||| ||und||
040 _aJO-AjNU
_bara
_erda
_cJO-AjNU
041 _aara
050 1 4 _aPJ7538 2002
100 3 _aتاليف الحمداني،سالم أحمد؛م.مشارك محمدأحمد ربيع,
_eauthor
_924401
245 0 0 _aدراسات في الأدب العربي الحديث، ج1
264 3 1 _aد.م: المركز العربي للخدمات الطلابية،2002
300 _aج1، 177ص
336 _atext
_btxt
_2rdacontent
337 _aunmediated
_bn
_2rdamedia
338 _avolume
_bnc
_2rdacarrier
650 4 _aالادب العربي-دراسات في الادب العربي الحديث
_924402
999 _aA8979
_c12547
_d12547